Länder mit dem größten Eisenbahnnetz - Statistiken

Allgemein
  • Dieses Quiz wurde 1.792 mal gespielt
  • Das Durchschnittsergebnis liegt bei 17 aus 20
Antwortstatistiken
# Länge (in km) Land % Korrekt
7 33.590 Deutschland
100%
1 293.564 Vereinigte Staaten
99%
2 124.000 China
98%
10 29.640 Frankreich
98%
3 85.513 Russland
98%
17 16.102 Spanien
94%
9 29.850 Brasilien
93%
4 77.932 Kanada
93%
11 27.311 Japan
92%
14 20.181 Italien
91%
5 67.368 Indien
90%
15 19.231 Polen
88%
18 15.389 Mexiko
80%
16 16.837 Vereinigtes Königreich
80%
8 33.343 Australien
79%
20 14.127 Schweden
79%
6 36.917 Argentinien
78%
12 21.733 Ukraine
73%
13 20.986 Südafrika
59%
19 14.184 Kasachstan
53%
Keine übereinstimmenden Quizze gefunden
Verteilung der Resultate
Anzahl Personen mit jedem Resultat
Perzentil nach korrekt beantworteten Fragen
Ihre Resultats-Entwicklung
Sie haben dieses Quiz noch nicht gespielt